000 00290nam a2200109Ia 4500
008 190216s9999||||xx |||||||||||||| ||und||
100 _aCenter For Development Studies
245 0 _aPoverty Unemployment And Development Policy
260 _bOrient Longman
_c1977
300 _a235p
942 _cBK
999 _c4370
_d4370